| 000 | 00792nam a2200205Ii 4500 | ||
|---|---|---|---|
| 003 | JO-AjNU | ||
| 008 | 230605s9999||||xx |||||||||||||| ||und|| | ||
| 020 | _a978-7-227-05732-1 | ||
| 040 |
_aJO-AjNU _bara _erda _cJO-AjNU |
||
| 041 | _aara | ||
| 050 | 1 | 4 | _aNA380 2013 |
| 100 | 3 |
_aتحرير جيان، دينغ سه؛ ترجمة جين تشونغ جيه(شمس الدين)؛ مراجعة أحمد السعيد, _eauthor _952211 |
|
| 245 | 0 | 0 | _aفنون العمارة الإسلامية في الصين |
| 264 | 3 | 1 | _aد.م: د.ن، 2014 |
| 300 | _a146ص | ||
| 336 |
_atext _btxt _2rdacontent |
||
| 337 |
_aunmediated _bn _2rdamedia |
||
| 338 |
_avolume _bnc _2rdacarrier |
||
| 650 | 4 |
_aفنون العمارة الاسلامية في الصين-فن-عمارة-تاريخ-الصين _952212 |
|
| 999 |
_aA23115 _c26683 _d26683 |
||